Evaluation of demersal resources of southwest europe from standardised groundfish surveys | Final report to the Commission of European Communities Contran«ct Ref.: DG X IV Study contract 96-0529 (Record no. 32696)

000 -Cabeçalho do registo
Cabeçalho 00579nam 22001573 4500
001 - Identificador do registo
Campo de controlo 32696
100 ## - Dados gerais de processamento
Dados gerais de processamento 20260407d1997 u||y0pory50 ba
101 ## - Língua de publicação
Língua do texto, banda sonora, etc. Inglês
102 ## - Pais de publicação ou produção
País de publicação Bélgica
200 ## - Titulo e menção de responsabilidade
Título próprio Evaluation of demersal resources of southwest europe from standardised groundfish surveys
Informação de outro título Final report to the Commission of European Communities Contran«ct Ref.: DG X IV Study contract 96-0529
210 ## - Publicação, Distribuição, etc.
Lugar da edição, distribuição, etc. Bélgica, Bruxelas
Nome do editor, distribuidor, etc. Comissão Europeia
Data da publicação, distribuição, etc. 1997
215 ## - Descrição física
Indicação específica da natureza do documento e extensão da espécie 195, [34], [10] p.
Outras indicações físicas il.
Dimensões 31 cm
300 ## - Notas gerais
Texto da nota Nota: Sesits project
345 ## - Nota informativa sobre aquisição
Modalidades de aquisição Oferta
710 ## - Nome de colectividade-autor (responsabilidade principal)
Palavra de ordem Comissão Europeia
Holdings
Situação do extravio Data de aquisição Número de registo Biblioteca de aquisição Biblioteca de empréstimo Cota Fim da data de empréstimo Permissão de empréstimo Tipo de documento Forma de aquisição
  2026-04-07 11647 Biblioteca de Algés Biblioteca de Algés 11647 2026-04-07 Emprestado Monografias Oferta

Powered by Koha